Statystyki dla Ludzie quiz #4 - Znani sportowcy

Kliknij tutaj aby rozwiązać quiz!

Ogólne statystyki

  • Ten quiz został rozwiązany 38 razy
  • Średni wynik to 10 z 16

Statystyki odpowiedzi

Odpowiedź% Poprawnych
Piotr Żyła
100%
Robert Kubica
97%
Neymar
94%
Marcin Gortat
89%
Rafael Nadal
86%
Agnieszka Radwańska
83%
Anita Włodarczyk
80%
Sławomir Szmal
69%
Ewa Swoboda
60%
Tomasz Majewski
57%
Wołodymyr Kłyczko
49%
Malwina Smarzek
37%
Maja Włoszczowska
29%
Jelena Isinbajewa
20%
Eliud Kipchoge
17%
Iwona Niedźwiedź
11%

Rozkład punktacji

Percentyl według liczby udzielonych odpowiedzi

Procent ludzi z każdym wynikiem

Twoja historia wyników

Nie rozwiązałeś tego quizu